书目信息 |
| 题名: |
电影
|
|
| 作者: | ;紫图速查手册编辑部 | |
| 分册: | ||
| 出版信息: | 西安 陕西师范大学出版社 2003 |
|
| 页数: | 480 | |
| 开本: | 19cm | |
| 丛书名: | ||
| 单 册: | ||
| 中图分类: | J991 | |
| 科图分类: | ||
| 主题词: | 电影事业 | |
| 电子资源: | ||
| ISBN: | 7-5613-2457-X | |
| 000 | 00626nam0 2200193 450 | |
| 001 | 0739037328 | |
| 005 | 20070817105037.32 | |
| 010 | @a7-5613-2457-X@b精装@d¥48.00 | |
| 100 | @a20070817d km y0chiy0120 ea | |
| 101 | 0 | @achi |
| 200 | 1 | @a电影@Adian ying@e大奖电影速查手册@f紫图速查手册编辑部@Fzi tu su cha shou ce bian ji bu |
| 210 | @a西安@c陕西师范大学出版社@d2003 | |
| 215 | @a480@d19cm | |
| 517 | 1 | @a大奖电影速查手册@Ada jiang dian ying su cha shou ce |
| 606 | 0 | @a电影事业 |
| 690 | @aJ991@v3 | |
| 711 | 02 | @a紫图速查手册编辑部@Azi tu su cha shou ce bian ji bu |
| 801 | 0 | @aCN@bPFT@c20070817 |
| 905 | @a213230@dJ991@eM42 | |
| 电影:大奖电影速查手册/紫图速查手册编辑部.-西安:陕西师范大学出版社,2003 |
| 480;19cm |
| ISBN 7-5613-2457-X(精装):¥48.00 |
| ● |
| 相关链接 |
|
|
|
|
正题名:电影
索取号:J991/M42
 
预约/预借
| 序号 | 登录号 | 条形码 | 馆藏地/架位号 | 状态 | 备注 |
| 1 | 6400656 | 264006569 | 密集书库-美术系/ [索取号:J991/M42] | 在馆 |